000
00224nam a2200097Ia 4500
008
170619s9999 xx 000 0 und d
100
_a
Kumar- M
245
0
_a
Interview in Civil Engineering
260
_b
Khanna Pub.
260
_c
2012
546
_a
ENGLISH
999
_c
21533
_d
21533